Online katalóg knižníc regiónu Turca

Nech prší, keď plačem (Record no. 22115)

MARC details
000 -LEADER
fixed length control field 01496cam a2200505 a 4500
001 - CONTROL NUMBER
control field 22115
003 - CONTROL NUMBER IDENTIFIER
control field VRT
005 - DATE AND TIME OF LATEST TRANSACTION
control field 20260320110802.0
008 - FIXED-LENGTH DATA ELEMENTS--GENERAL INFORMATION
fixed length control field 240314s2012 xo g 000 f slo
015 ## - NATIONAL BIBLIOGRAPHY NUMBER
National bibliography number SNBA2013/07
020 ## - INTERNATIONAL STANDARD BOOK NUMBER
International Standard Book Number 9788089482580
Qualifying information (brož.)
035 ## - SYSTEM CONTROL NUMBER
System control number 639A0F29-3EAC-4BB2-8D39-589C73A985B7
035 ## - SYSTEM CONTROL NUMBER
System control number urn:nbn:sk:snk-amjl0r
035 ## - SYSTEM CONTROL NUMBER
System control number urn:nbn:sk:snk-am002ev6
039 #9 - LEVEL OF BIBLIOGRAPHIC CONTROL AND CODING DETAIL [OBSOLETE]
Level of rules in bibliographic description 202511041241
Level of effort used to assign nonsubject heading access points msnk115
Level of effort used to assign subject headings 202511041241
Level of effort used to assign classification msnk115
Level of effort used to assign subject headings 202403141609
Level of effort used to assign classification VLOAD
Level of effort used to assign subject headings 201604181322
Level of effort used to assign classification AUTHORITY
040 ## - CATALOGING SOURCE
Original cataloging agency SNK
Language of cataloging slo
Transcribing agency SNK
Modifying agency TOTK
Description conventions AACR2
041 0# - LANGUAGE CODE
Language code of text/sound track or separate title slo
044 ## - COUNTRY OF PUBLISHING/PRODUCING ENTITY CODE
MARC country code xo
ISO country code SK
072 #7 - SUBJECT CATEGORY CODE
Subject category code 821.162.4-3
Subject category code subdivision Slovenská próza
Source konspekt
080 ## - UNIVERSAL DECIMAL CLASSIFICATION NUMBER
Universal Decimal Classification number 821.162.4-31
Edition identifier 2001
100 1# - MAIN ENTRY--PERSONAL NAME
Personal name Rimová, Andrea,
Dates associated with a name 1985-
Relationship aut
245 10 - TITLE STATEMENT
Title Nech prší, keď plačem
Statement of responsibility, etc. Andrea Rimová
250 ## - EDITION STATEMENT
Edition statement 1. vyd.
260 ## - PUBLICATION, DISTRIBUTION, ETC.
Place of publication, distribution, etc. Bratislava
Name of publisher, distributor, etc. Motýľ
Date of publication, distribution, etc. 2012
300 ## - PHYSICAL DESCRIPTION
Extent 270 s.
Dimensions 20 cm
655 #7 - INDEX TERM--GENRE/FORM
Genre/form data or focus term slovenské romány
Source of term SNKPH
655 #7 - INDEX TERM--GENRE/FORM
Genre/form data or focus term Slovak fiction
Source of term SNKPHeng
910 ## - USER-OPTION DATA (OCLC)
User-option data totk
910 ## - USER-OPTION DATA (OCLC)
User-option data pokpoh
910 ## - USER-OPTION DATA (OCLC)
User-option data pppk
910 ## - USER-OPTION DATA (OCLC)
User-option data ttkjf
910 ## - USER-OPTION DATA (OCLC)
User-option data hevk
910 ## - USER-OPTION DATA (OCLC)
User-option data bjkdg
910 ## - USER-OPTION DATA (OCLC)
User-option data vthk
910 ## - USER-OPTION DATA (OCLC)
User-option data sllk
910 ## - USER-OPTION DATA (OCLC)
User-option data skpk
910 ## - USER-OPTION DATA (OCLC)
User-option data snk
910 ## - USER-OPTION DATA (OCLC)
User-option data bpksh
942 ## - ADDED ENTRY ELEMENTS (KOHA)
Source of classification or shelving scheme Dewey Decimal Classification
Koha item type Krásna literatúra pre dospelých
Suppress in OPAC No
949 ## - LOCAL PROCESSING INFORMATION (OCLC)
6 17A1072473
a snkSD 82208
b snk2013/14167
o 1465/13
949 ## - LOCAL PROCESSING INFORMATION (OCLC)
6 17A1072474
a snkSD 82208 D1
b snk2013/14168
o 1465/13
949 ## - LOCAL PROCESSING INFORMATION (OCLC)
6 4710710050
a strmkB
b strmk2012/10050
949 ## - LOCAL PROCESSING INFORMATION (OCLC)
6 3869A12225
a bpksh821.162.4-31
b bpksh67316
Holdings
Stav vyradenia Strata Poškodenie Spôsob nadobudnutia Domovská knižnica Aktuálna knižnica Dátum nadobudnutia Cena Total checkouts Čiarový kód exemplára Date last seen Typ exemplára
      Kúpa Obecná knižnica Horná Štubňa Obecná knižnica Horná Štubňa 20.03.2026 4.90   9788089482580 20.03.2026 Krásna literatúra pre dospelých
Projekt je podporený Slovenskou asociáciou knižníc
Prevádzkuje Turčianska knižnica Martin 2026